Central Library OPAC University of Rajshahi

The Church in an age of revolution : (Record no. 31184)

MARC details
000 -LEADER
fixed length control field 00957nam a2200289 i 4500
001 - CONTROL NUMBER
control field 31184
003 - CONTROL NUMBER IDENTIFIER
rucl marc code BD-RjUL
005 - DATE AND TIME OF LATEST TRANSACTION
control field 20211209051653.0
008 - FIXED-LENGTH DATA ELEMENTS--GENERAL INFORMATION
fixed length control field 140413t1962 enk b 001 0 eng d
035 ## - SYSTEM CONTROL NUMBER
System control number (BD-RjUL)31271
040 ## - CATALOGING SOURCE
Original cataloging agency XBM
Transcribing agency XBM
Modifying agency EQO
-- BD-RjUL
Language of cataloging eng
041 ## - LANGUAGE CODE
Language code of text/sound track or separate title eng
082 04 - DEWEY DECIMAL CLASSIFICATION NUMBER
Classification number 270
Author mark and year VIC 1962
090 ## - LOCALLY ASSIGNED LC-TYPE CALL NUMBER (OCLC); LOCAL CALL NUMBER (OCLC)
Classification number (OCLC) (R) ; Classification number, CALL (RLIN) (NR) BR475
Local cutter number (OCLC) ; Book number/undivided call number, CALL (RLIN) .V5 1962
100 1# - MAIN ENTRY--PERSONAL NAME
Personal name Vidler, Alexander Roper,
Dates associated with a name 1899-1991.
9 (RLIN) 94835
245 14 - TITLE STATEMENT
Title The Church in an age of revolution :
Remainder of title 1789 to the present day /
Statement of responsibility, etc. Alec R. Vidler
260 ## - PUBLICATION, DISTRIBUTION, ETC. (IMPRINT)
Place of publication, distribution, etc. London :
Name of publisher, distributor, etc. Hodder and Stoughton,
Date of publication, distribution, etc. 1962.
300 ## - PHYSICAL DESCRIPTION
Pagination 287 p. ;
Size 21 cm
490 1# - SERIES STATEMENT
Series statement Pelican history of the church ;
Volume/sequential designation v.5
500 ## - GENERAL NOTE
General note Originally published : Harmondsworth : Penguin, 1961
504 ## - BIBLIOGRAPHY, ETC. NOTE
Bibliography, etc includes Bibliographical reference and index.
650 #0 - SUBJECT ADDED ENTRY--TOPICAL TERM
Topical term or geographic name as entry element Church history
Chronological subdivision Modern period, 1500-
9 (RLIN) 77743
830 #0 - SERIES ADDED ENTRY--UNIFORM TITLE
Volume number/sequential designation v.5
Uniform title Pelican history of the church ;
942 ## - ADDED ENTRY ELEMENTS (KOHA)
Source of classification or shelving scheme Dewey Decimal Classification
Koha item type Books
Holdings
Lost status Source of classification or shelving scheme Damaged status Not for loan Collection code Permanent Location Current Location Shelving location Date acquired Source of acquisition Cost, normal purchase price Total Checkouts Full call number Date last seen Copy number Koha item type
  Dewey Decimal Classification     Non-fiction Central Library, University of Rajshahi Central Library, University of Rajshahi Reading Room 29/01/1964 zeithinger 25.00   270 VIC 1962 13/04/2014 C-1 Books